[Event "EYCC 2024 - G18"]
[Site "?"]
[Date "2024.08.23"]
[Round "2.10"]
[White "Diasamidze, Lulu"]
[Black "Skarbarchuk, Tetyana"]
[Result "1/2-1/2"]
[BlackElo "2037"]
[WhiteElo "1905"]
[LiveChessVersion "1.4.8"]

1. e4 {[%clk 1:30:58]} c5 {[%clk 1:30:35]} 2. Nf3 {[%clk 1:31:22]} e6
{[%clk 1:31:02]} 3. d4 {[%clk 1:31:31]} cxd4 {[%clk 1:31:27]} 4. Nxd4
{[%clk 1:31:55]} a6 {[%clk 1:31:50]} 5. c4 {[%clk 1:30:02]} Nf6 {[%clk 1:30:51]}
6. Nc3 {[%clk 1:29:13]} Qc7 {[%clk 1:29:08]} 7. Be2 {[%clk 1:19:13]} b6
{[%clk 1:12:57]} 8. O-O {[%clk 1:19:04]} d6 {[%clk 1:06:42]} 9. Be3
{[%clk 1:16:24]} Bb7 {[%clk 1:05:39]} 10. Qc2 {[%clk 1:14:14]} Be7
{[%clk 1:03:01]} 11. Rad1 {[%clk 1:12:12]} O-O {[%clk 0:59:27]} 12. f4
{[%clk 0:57:41]} Nbd7 {[%clk 0:45:35]} 13. f5 {[%clk 0:52:43]} e5
{[%clk 0:43:48]} 14. Nb3 {[%clk 0:50:52]} b5 15. cxb5 {[%clk 0:47:54]} Nxe4
{[%clk 0:33:10]} 16. Rc1 {[%clk 0:43:22]} Nxc3 {[%clk 0:22:15]} 17. Qxc3
{[%clk 0:43:18]} Qxc3 {[%clk 0:22:41]} 18. Rxc3 {[%clk 0:43:44]} Bd8
{[%clk 0:22:29]} 19. Rd1 {[%clk 0:43:03]} Nf6 {[%clk 0:22:11]} 20. bxa6
{[%clk 0:38:00]} Bxa6 {[%clk 0:21:42]} 21. Bxa6 {[%clk 0:38:24]} Rxa6
{[%clk 0:22:09]} 22. Rc8 {[%clk 0:34:53]} Bb6 {[%clk 0:15:41]} 23. Rxf8+
{[%clk 0:35:18]} Kxf8 {[%clk 0:16:08]} 24. Bxb6 {[%clk 0:35:18]} Rxb6
{[%clk 0:16:35]} 25. Rc1 {[%clk 0:33:21]} Nd5 {[%clk 0:16:45]} 26. h3
{[%clk 0:27:02]} Ke7 {[%clk 0:15:05]} 27. Rc8 {[%clk 0:25:39]} Kf6
{[%clk 0:14:04]} 28. g4 {[%clk 0:25:53]} h5 {[%clk 0:13:10]} 29. Rg8
{[%clk 0:23:56]} hxg4 {[%clk 0:13:14]} 30. hxg4 {[%clk 0:24:22]} Ne3
{[%clk 0:13:13]} 31. g5+ {[%clk 0:24:30]} Kxg5 {[%clk 0:13:37]} 32. Rxg7+
{[%clk 0:24:52]} Kf6 {[%clk 0:14:01]} 33. Rg3 {[%clk 0:23:48]} Nxf5
{[%clk 0:14:24]} 34. Rc3 {[%clk 0:24:02]} d5 {[%clk 0:12:55]} 35. a4
{[%clk 0:23:02]} d4 {[%clk 0:13:10]} 36. Rh3 {[%clk 0:23:28]} e4 37. Nxd4
{[%clk 0:20:09]} Rxb2 {[%clk 0:11:38]} 38. Nxf5 {[%clk 0:20:22]} Kxf5
{[%clk 0:12:00]} 39. Ra3 {[%clk 0:20:48]} Kf4 {[%clk 0:07:30]} 40. a5
{[%clk 0:21:04]} e3 {[%clk 0:07:53]} 41. Ra1 {[%clk 0:20:04]} Kf3
{[%clk 0:01:29]} 42. Rf1+ {[%clk 0:16:10]} Kg3 {[%clk 0:01:23]} 43. Rxf7
{[%clk 0:14:23]} Rg2+ {[%clk 0:01:46]} 44. Kf1 {[%clk 0:14:20]} Ra2
{[%clk 0:01:28]} 45. a6 {[%clk 0:14:22]} Rxa6 {[%clk 0:01:20]} 46. Ke2
{[%clk 0:14:46]} 1/2-1/2

[Event "EYCC 2024 - G18"]
[Site "?"]
[Date "2024.08.23"]
[Round "2.12"]
[White "Tsakona, Maria"]
[Black "Muradyan, Anahit"]
[Result "0-1"]
[BlackElo "1753"]
[WhiteElo "2031"]
[LiveChessVersion "1.4.8"]

1. d4 {[%clk 1:30:57]} Nf6 {[%clk 1:30:54]} 2. c4 {[%clk 1:31:22]} e6
{[%clk 1:31:19]} 3. g3 {[%clk 1:31:46]} d5 {[%clk 1:31:44]} 4. Bg2
{[%clk 1:32:09]} c6 {[%clk 1:31:13]} 5. Nf3 {[%clk 1:32:21]} Be7 {[%clk 1:31:25]}
6. O-O {[%clk 1:32:20]} O-O {[%clk 1:31:47]} 7. Nbd2 {[%clk 1:31:02]} Nbd7
{[%clk 1:31:35]} 8. Qc2 {[%clk 1:30:42]} b6 {[%clk 1:28:44]} 9. e4
{[%clk 1:30:35]} dxe4 {[%clk 1:27:13]} 10. Nxe4 {[%clk 1:30:47]} Bb7
{[%clk 1:26:57]} 11. Rd1 {[%clk 1:25:54]} Qc8 {[%clk 1:17:43]} 12. Nxf6+
{[%clk 1:03:14]} Nxf6 {[%clk 1:17:45]} 13. c5 {[%clk 1:00:15]} Rd8
{[%clk 1:16:02]} 14. Bf4 {[%clk 0:58:00]} bxc5 {[%clk 1:05:58]} 15. dxc5
{[%clk 0:58:15]} Rd5 {[%clk 1:06:03]} 16. b4 {[%clk 0:54:34]} a5 {[%clk 1:05:47]}
17. Nd4 {[%clk 0:51:37]} Rd8 {[%clk 0:55:44]} 18. b5 {[%clk 0:50:57]} Nd5
{[%clk 0:54:57]} 19. Rac1 {[%clk 0:46:14]} Bf6 {[%clk 0:49:08]} 20. Qe4
{[%clk 0:35:15]} Bxd4 {[%clk 0:41:04]} 21. Qxd4 {[%clk 0:29:08]} cxb5
{[%clk 0:38:51]} 22. c6 {[%clk 0:27:40]} Bxc6 {[%clk 0:37:29]} 23. Qe4
{[%clk 0:20:51]} Nxf4 {[%clk 0:33:00]} 24. Rxd8+ {[%clk 0:19:25]} Qxd8
{[%clk 0:33:12]} 25. Rxc6 {[%clk 0:19:40]} Qd1+ {[%clk 0:28:34]} 26. Bf1
{[%clk 0:20:04]} Nh3+ {[%clk 0:28:29]} 27. Kg2 {[%clk 0:20:28]} Ng5
{[%clk 0:28:52]} 28. Qe5 {[%clk 0:13:14]} Qf3+ {[%clk 0:29:08]} 29. Kg1
{[%clk 0:13:34]} Qxc6 {[%clk 0:29:19]} 30. Qxg5 {[%clk 0:13:59]} Rc8
{[%clk 0:29:34]} 31. Bxb5 {[%clk 0:13:57]} Qc1+ {[%clk 0:29:27]} 32. Qxc1
{[%clk 0:14:22]} Rxc1+ {[%clk 0:29:55]} 33. Kg2 {[%clk 0:14:47]} Rc2
{[%clk 0:30:00]} 34. a4 {[%clk 0:15:01]} Kf8 {[%clk 0:30:27]} 35. h4
{[%clk 0:14:43]} Ke7 {[%clk 0:30:52]} 36. g4 {[%clk 0:14:06]} Rb2
{[%clk 0:31:03]} 37. Bc6 {[%clk 0:13:25]} Rb6 {[%clk 0:31:26]} 38. Bf3
{[%clk 0:13:25]} Rb4 {[%clk 0:31:52]} 39. Bd1 {[%clk 0:13:43]} Rd4
{[%clk 0:32:19]} 40. Bc2 {[%clk 0:13:43]} Rxg4+ {[%clk 0:32:43]} 41. Kh3
{[%clk 0:13:58]} Rc4 {[%clk 0:32:40]} 42. Bd1 {[%clk 0:14:08]} Rc1
{[%clk 0:32:53]} 43. Bf3 {[%clk 0:14:18]} Rc3 {[%clk 0:33:02]} 44. Kg4
{[%clk 0:14:38]} Rc4+ {[%clk 0:33:05]} 45. Kg3 {[%clk 0:14:22]} Rxa4
{[%clk 0:33:31]} 0-1